书目信息 |
| 题名: |
中国农村统计年鉴1997=Rural Statistical yearbook ofChina1997
|
|
| 作者: | 国家统计局农村社会经济调查总队 编 | |
| 分册: | ||
| 出版信息: | 北京 中国统计出版社 1997.10 |
|
| 页数: | 528页 | |
| 开本: | 16开 | |
| 丛书名: | ||
| 单 册: | ||
| 中图分类: | F322 | |
| 科图分类: | ||
| 主题词: | 农业经济--中国 | |
| 电子资源: | ||
| ISBN: | 7-5037-2586-9 | |
| 000 | 00713nam0 2200205 45 | |
| 001 | 0003200905 | |
| 005 | 20031219104043.5 | |
| 010 | @a7-5037-2586-9@dCNY108.00 | |
| 100 | @a20000320d1997 km y0chiy0120 ea | |
| 101 | @achi | |
| 105 | @a z 000yy | |
| 200 | 1 | @a中国农村统计年鉴1997=Rural Statistical yearbook ofChina1997@AZhong Guo Nong Cun Tong Ji Nian Jian 1997=Rural Statistical yearbook of China1997@f国家统计局农村社会经济调查总队编 |
| 210 | @a北京@c中国统计出版社@d1997.10 | |
| 215 | @a528页@d16开 | |
| 300 | @a书末附:主要指标解释 | |
| 606 | 0 | @a农业经济@y中国 |
| 690 | @aF322@v1 | |
| 701 | @a国家统计局农村社会经济调查总队@4编 | |
| 801 | @aCN@bTSTC@c20000321 | |
| 905 | @f2@b286122-123@dF322@e17:(1997) | |
| 中国农村统计年鉴1997=Rural Statistical yearbook ofChina1997/国家统计局农村社会经济调查总队编.-北京:中国统计出版社,1997.10 |
| 528页;16开 |
| 书末附:主要指标解释 |
| ISBN 7-5037-2586-9:CNY108.00 |
| ● |
| 相关链接 |
|
|
|
|
正题名:中国农村统计年鉴1997=Rural Statistical yearbook ofChina1997
索取号:F322/17:(1997)
 
预约/预借
| 序号 | 登录号 | 条形码 | 馆藏地/架位号 | 状态 | 备注 |
| 1 | 0286122 | 002861228 | 密集书库/ [索取号:F322/17:(1997)] | 在馆 | |
| 2 | 0286123 | 002861237 | 第一样本阅览室/ [索取号:F322/17:(1997)] | 在馆 |